Planning futures : new directions for planning theory (Record no. 101644)

MARC details
000 -LEADER
fixed length control field 00921cam a2200289 4500
008 - FIXED-LENGTH DATA ELEMENTS--GENERAL INFORMATION
fixed length control field 010921n2002 000 0 eng u
020 ## - INTERNATIONAL STANDARD BOOK NUMBER
International Standard Book Number 0415270049
035 ## - SYSTEM CONTROL NUMBER
System control number (Sirsi) u114720
050 04 - LIBRARY OF CONGRESS CALL NUMBER
Classification number 711.4 $2 18
100 ## - MAIN ENTRY--PERSONAL NAME
Personal name Allmendinger, P.
-- Editor
245 ## - TITLE STATEMENT
Title Planning futures : new directions for planning theory
260 ## - PUBLICATION, DISTRIBUTION, ETC.
Place of publication, distribution, etc. London
Name of publisher, distributor, etc. Routledge
Date of publication, distribution, etc. 2002
300 ## - PHYSICAL DESCRIPTION
Extent xii,258p.
Dimensions 24cm
350 ## - PRICE (NR) (BK AM CF MU VM SE) [OBSOLETE]
Price 19.99
520 ## - SUMMARY, ETC.
Summary, etc. Attempts to bridge theory and practice within planning practice and social and economic theory using examples and case studies from an international arena.
650 ## - SUBJECT ADDED ENTRY--TOPICAL TERM
Topical term or geographic name entry element ECONOMIC THEORY
650 ## - SUBJECT ADDED ENTRY--TOPICAL TERM
Topical term or geographic name entry element PLANNING PRACTICE
650 ## - SUBJECT ADDED ENTRY--TOPICAL TERM
Topical term or geographic name entry element PLANNING THEORY
650 ## - SUBJECT ADDED ENTRY--TOPICAL TERM
Topical term or geographic name entry element SOCIAL THEORY
650 ## - SUBJECT ADDED ENTRY--TOPICAL TERM
Topical term or geographic name entry element SOCIOLOGY
650 ## - SUBJECT ADDED ENTRY--TOPICAL TERM
Topical term or geographic name entry element TOWN PLANNING
650 ## - SUBJECT ADDED ENTRY--TOPICAL TERM
Topical term or geographic name entry element URBAN PLANNING
650 ## - SUBJECT ADDED ENTRY--TOPICAL TERM
Topical term or geographic name entry element URBAN DEVELOPMENT
690 ## - LOCAL SUBJECT ADDED ENTRY--TOPICAL TERM (OCLC, RLIN)
Topical term or geographic name as entry element Planning and development
9 (RLIN) 6259
700 ## - ADDED ENTRY--PERSONAL NAME
Personal name Tewdwr-Jones, M.
942 ## - ADDED ENTRY ELEMENTS (KOHA)
Suppress in OPAC 0
Holdings
Withdrawn status Lost status Source of classification or shelving scheme Damaged status Not for loan Home library Current library Shelving location Date acquired Cost, normal purchase price Total Checkouts Full call number Barcode Date last seen Date last checked out Copy number Cost, replacement price Price effective from Koha item type
    Dewey Decimal Classification     London London Books 11/02/2002 16.99 8 711.4 ALL 30065339 06/08/2019 15/07/2009 1 16.99 06/08/2019 Book